Red Light, Green Light - Statistics

General Stats
  • This quiz has been taken 142 times
  • The average score is 26 of 65
Answer Stats
Hint Answer % Correct
🔴 Stop
100%
Stop
100%
Stop
100%
Stop
95%
🟢 Stop
95%
Go
87%
🔴 Go
84%
Go
71%
Stop
71%
🟢 Stop
71%
Go
69%
Go
69%
Go
67%
🔴 Go
67%
🟢 Stop
65%
go
51%
🔴 go
51%
stop
49%
stop
47%
stop
47%
stop
47%
stop
47%
stop
44%
go
42%
🟢 stop
42%
🔴 go
40%
stop
40%
🟢 stop
40%
go
38%
go
38%
go
38%
go
38%
🔴 go
38%
stop
35%
stop
33%
stop
33%
go
29%
go
29%
🔴 go
29%
stop
29%
stop
29%
🟢 stop
29%
stop
24%
stop
22%
stop
22%
stop
20%
go
18%
go
18%
go
18%
go
18%
🟢 stop
18%
go
16%
go
16%
🔴 go
16%
stop
15%
stop
13%
stop
13%
stop
13%
stop
9%
stop
9%
stop
9%
stop
7%
stop
5%
🟢 stop
5%
go
4%
No matching quizzes found
Score Distribution
Percent of People with Each Score
Percentile by Number Answered
Your Score History
You have not taken this quiz